|
|
|
|
| LEADER |
01004nam a2200337 4500 |
| 001 |
DLU090096878 |
| 005 |
##20091201 |
| 040 |
# |
# |
|a DLU
|b eng
|
| 041 |
# |
# |
|a eng
|
| 044 |
# |
# |
|a us
|
| 100 |
# |
# |
|a Miles, Deon T.
|
| 245 |
# |
# |
|a Temperature-dependent quantized double layer charging of monolayer-protected gold clusters /
|c Deon T. Miles, Royce W. Murray.
|
| 653 |
# |
# |
|a Atomic cluster
|
| 653 |
# |
# |
|a Differential impulse voltamperometry
|
| 653 |
# |
# |
|a Double layers
|
| 653 |
# |
# |
|a Gold
|
| 653 |
# |
# |
|a Monolayer
|
| 653 |
# |
# |
|a Nanoparticle
|
| 653 |
# |
# |
|a Quantization
|
| 653 |
# |
# |
|a Temperature dependence
|
| 700 |
# |
# |
|a Murray, Royce W.
|
| 773 |
# |
# |
|t Analytical Chemistry
|g Vol. 75, no. 6 (March 2003), p. 1251-1257
|
| 920 |
# |
# |
|a Phòng Tạp chí -- Trung tâm Thông tin - Thư viện Trường Đại học Đà Lạt
|
| 994 |
# |
# |
|a DLU
|
| 900 |
# |
# |
|a True
|
| 911 |
# |
# |
|a Trương Bảo Trâm Anh
|
| 925 |
# |
# |
|a G
|
| 926 |
# |
# |
|a A
|
| 927 |
# |
# |
|a BB
|
| 980 |
# |
# |
|a Thư viện Trường Đại học Đà Lạt
|